000 00705nam a22001577a 4500
999 _c61410
_d61410
005 20240307124131.0
008 240307s1985 ru ||||| |||| 00| 0 rus d
041 _arus
080 _a94(479.224) X-95
100 _aХрушкова, Л. Г.
_921364
245 _aЦандрипш :
_bМатериалы по раннехристианскому строительству в Абхазии /
_cЛ. Г. Хрушкова.
264 _aСухуми:
_b"Алашара",
_c1985.
300 _a128 с.:
_b ил.;
_c17 cm.
653 _aმასალები აფხაზეთში ადრექრისტიანული მშენებლობის შესახებ
942 _2udc
_cBK